| 000 | 01264nam a22003497a 4500 | ||
|---|---|---|---|
| 003 | CHAP | ||
| 005 | 20220329133940.0 | ||
| 008 | 971013s1981 r 00010 d | ||
| 010 | _a13104 | ||
| 011 | _a14076 | ||
| 035 | _a18149 | ||
| 040 | _cCHAP | ||
| 090 | _aTesis | ||
| 100 | 0 | 0 |
_aBautista Valle, Jaime Salvador. _910961 |
| 245 | _aPrueba comparativa de insecticidas, 4 concentrados, 1 polvo humectable y 1 granulado para el control del gusano cogollero Spodoptera spp. y barrenador del maíz Diatraea spp. en el cultivo del maíz | ||
| 260 |
_aMonterrey, N. L. : _bEl autor, _c1981 |
||
| 300 | _a51 h. | ||
| 502 | _aTesis (Ing. Agr.) -- Universidad Autónoma de Nuevo León. Fac. de Agronomía | ||
| 590 |
_aALEPH _b10 _c20130110 _lUCH01 _h1231 |
||
| 590 |
_aBATCH-UPD _b10 _c20130110 _lUCH01 _h1244 |
||
| 590 |
_aBATCH-UPD _b10 _c20130410 _lUCH01 _h0809 |
||
| 590 |
_aBATCH-UPD _b10 _c20130914 _lUCH01 _h1040 |
||
| 590 |
_aCONVERSION _b10 _c20130109 _lUCH01 _h1309 |
||
| 650 | 1 | 4 |
_aControl de plagas. _927595 |
| 650 | 1 | 4 |
_aDiatraea saccharalis. _932432 |
| 650 | 1 | 4 |
_aGusano cogollero del maíz. _951561 |
| 650 | 1 | 4 |
_aInsecticidas. _958855 |
| 650 | 1 | 4 |
_aMaíz _xPlagas. _971034 |
| 901 | _aBK | ||
| 942 | _cTESIS | ||
| 949 |
_bBC _cTES _d-42374 _eTS1 _i18149 _si |
||
| 999 |
_c13104 _d13104 |
||